El revisionismo (Record no. 87710)

MARC details
000 -LEADER
campo de control de longitud fija 00672nam a2200181 i 4500
001 - NÚMERO DE CONTROL
campo de control 87710
003 - IDENTIFICADOR DE NÚMERO DE CONTROL
campo de control ES-MaACL
005 - FECHA Y HORA DE LA ÚLTIMA TRANSACCIÓN
campo de control 20230906175727.0
007 - CAMPO FIJO DE DESCRIPCIÓN FÍSICA--INFORMACIÓN GENERAL
campo de control de longitud fija t|
008 - DATOS DE LONGITUD FIJA--INFORMACIÓN GENERAL
campo de control de longitud fija 041223s1968 sp ||||1| spa d
100 1# - ENTRADA PRINCIPAL--NOMBRE DE PERSONA
Nombre de persona Labedz, Leopold.
9 (RLIN) 69230
245 13 - MENCIÓN DEL TÍTULO
Título El revisionismo
Resto del título : ensayos sobre la historia de las ideas marxistas /
Mención de responsabilidad, etc. dirigido por Leopold Labedz ; [traducción de Vicente Fernández Trelles y Luis de la Torre Andrés].
260 ## - PUBLICACIÓN, DISTRIBUCIÓN, ETC.
Lugar de publicación, distribución, etc. Madrid :
Nombre del editor, distribuidor, etc. Instituto de Estudios Políticos,
Fecha de publicación, distribución, etc. 1968.
300 ## - DESCRIPCIÓN FÍSICA
Extensión 626 p. ;
Dimensiones 21 cm.
700 1# - ENTRADA AGREGADA--NOMBRE PERSONAL
Nombre de persona Fernández Trelles, Vicente.
9 (RLIN) 50120
700 1# - ENTRADA AGREGADA--NOMBRE PERSONAL
Nombre de persona Torre Andrés, Luis de la.
9 (RLIN) 110763
852 ## - LOCALIZACIÓN
Ubicación ES-MaACL
Número de control de estantería C-35020
Sublocalización o colección R.67452
Holdings
Estatus retirado Estado de pérdida Estado de daño No para préstamo Biblioteca de origen Biblioteca actual Ubicación en estantería Fecha de adquisición Fuente de adquisición Total de préstamos Signatura topográfica completa Código de barras Visto por última vez Precio de reemplazo Tipo de ítem Koha
        Biblioteca del Ateneo de Madrid Biblioteca del Ateneo de Madrid Depósito 2 17/01/2008     C-35020 1091629 23/02/2023 23/02/2023 Libro impreso